K německému konceptu hospodářského rozvoje regionů

Celoštátna diskusia na úrovni centrálnych a krajinských úradov, krajov, okresov, obcí a miest o koncepcii priestorového usporiadania Nemecka, o regionálnom rozvoji a regionálnej politike, ktorá má tento rozvoj podporiť. Orientačný charakter nemeckého konceptu. Podpora decentralizovanej koncentrácii....

Descrizione completa

Salvato in:
Dettagli Bibliografici
Autore principale: Adamčík, S.
Natura: Capitolo di libro
Lingua:ceco
Soggetti:
Tags: Aggiungi Tag
Nessun Tag, puoi essere il primo ad aggiungerne!!

MARC

LEADER 00000naa a2200000 4500
001 r016709
005 20221208131130.0
041 0 |a cze 
044 |a CZ 
245 1 0 |a K německému konceptu hospodářského rozvoje regionů  |c S. Adamčík 
520 |a Celoštátna diskusia na úrovni centrálnych a krajinských úradov, krajov, okresov, obcí a miest o koncepcii priestorového usporiadania Nemecka, o regionálnom rozvoji a regionálnej politike, ktorá má tento rozvoj podporiť. Orientačný charakter nemeckého konceptu. Podpora decentralizovanej koncentrácii. Úvahy o tvorbe a funkcii tzv. mestských sietí (Stadtnetz). Rozvoj regiónov má podporiť konkurencieschopnosť Nemecka v zjednotenej Európe. 
610 2 0 |a ekonomika priestorová 
610 2 0 |a politika regionálna 
610 2 0 |a regióny 
610 2 0 |a regionalistika 
610 2 0 |a Nemecko 
610 2 0 |a rozvoj regionálny 
610 2 0 |a konkurencia 
610 2 0 |a mestá 
610 2 0 |a kraje 
610 2 0 |a usporiadanie krajiny 
610 2 0 |a koncepcie 
100 1 |a Adamčík, S.